Actors who Played Hitler - Statistics

General Stats
  • This quiz has been taken 29 times
  • The average score is 2 of 8
Answer Stats
Year Movie Actor % Correct
1940 The Great Dictator Charlie Chaplin
85%
2004 Downfall Bruno Ganz
48%
2019 Jojo Rabbit Taika Waititi
48%
1981 The Bunker Anthony Hopkins
15%
1989 Indiana Jones and the Last Crusade Michael Sheard
7%
2008 Valkyrie David Bamber
4%
2009 Inglorious Basterds Martin Wuttke
4%
2021 Munich - The Edge of War Ulrich Matthes
4%
No matching quizzes found
Score Distribution
Percent of People with Each Score
Percentile by Number Answered
Your Score History
You have not taken this quiz